Normal view
MARC view
- Pante, Jonnah Lynne.
Entry Personal Name
001 - CONTROL NUMBER
- control field: 37165
003 - CONTROL NUMBER IDENTIFIER
- control field: OSt
005 - DATE AND TIME OF LATEST TRANSACTION
- control field: 20190222200014.0
008 - FIXED-LENGTH DATA ELEMENTS
- fixed length control field: 190222|| aca||aabn | a|a d
040 ## - CATALOGING SOURCE
- Original cataloging agency: OSt
- Transcribing agency: OSt
100 ## - HEADING--PERSONAL NAME
- Personal name: Pante, Jonnah Lynne.
670 ## - SOURCE DATA FOUND
- Source citation: Work cat.: (OSt): Pante, Jonnah Lynne., AOC l2276VW6:, June -Sept 2016.
